00750cam a2200229Ma 450000500170000000800410001701000140005802000150007202000180008703500210010504000500012604100080017610000200018424500420020426000480024630000230029450400530031764800250037065000450039565000400044065000400048020170712071714.0161101s1994 enk fr 001 0 eng d a94007716  a0198206992 a9780198206996 a(OCoLC)318172807 aCO-BoUCMbspacSandra PalaciodSandra Palacio 4aeng1 aBest, Geoffrey 10aWar and law since 1945cGeoffrey Best aOxford (Inglaterra)bClarendon Press c1994 axiv, 434 páginas aIncluye referencias bibliográficas e índices 7aGeschichte 1945-199017aGuerra (Derecho internacional)xHistoria27aHistoria militar moderna ySiglo XX27aGuerraxAspectos morales y éticos